Etiqueta de registo: 00000nam 2200025 450
001 1992484
003 http://id.bnportugal.gov.pt/bib/catbnp/1992484
010 ## $a978-989-769-128-7
021 ## $aPT$b438357/18
100 ## $a20180614d2018 m y0pory01030103ba
101 1# $apor
102 ## $aPT
105 ## $ay z 000yy
106 ## $ar
200 1# $aKintsukuroi$fTomás Navarro$gtrad. Sílvia Baptista
205 ## $a1ª ed
210 #9 $aLisboa$cMatéria-Prima,$d2018
215 ## $a227, [2] p.$d24 cm
675 ## $a159.923(035)$vBN$zpor$3913621
700 #1 $aNavarro,$bTomás$31716779
702 #1 $aBaptista,$bSílvia$31650456
801 #0 $aPT$bBN$gRPC
856 41 $uhttp://rnod.bnportugal.gov.pt/ImagesBN/winlibimg.aspx?skey=&doc=1992484&img=110568&save=true
900 ## $aBIBNAC$d20180704
966 ## $lBN$mFGMON$sS.A. 168922 V.$x1
966 ## $lBN$mFGMON$sS.A. 168922 V.-D$x1
Etiqueta de registo: 00230nam 2200025 450
001 1935423
003 http://id.bnportugal.gov.pt/bib/catbnp/1935423
010 ## $a978-989-769-027-3
021 ## $aPT$b406481/16
100 ## $a20160630d2016 m y0pory01030103ba
101 0# $apor
102 ## $aPT
105 ## $ay z 000yy
106 ## $ar
200 1# $aEm minha casa ou na tua?$fSílvia Baptista
205 ## $a1ª ed
210 #9 $aLisboa$cMatéria-Prima,$d2016
215 ## $a195, [2] p.$d23 cm
675 ## $a613.88$vBN$zpor$3556412
675 ## $a392.6$vBN$zpor$3291686
700 #1 $aBaptista,$bSílvia$31650456
801 #0 $aPT$bBN$gRPC
856 41 $uhttp://rnod.bnportugal.gov.pt/ImagesBN/winlibimg.aspx?skey=&doc=1935423&img=79609&save=true
900 ## $aBIBNAC$d20160809
966 ## $lBN$mFGMON$sS.A. 162532 V.$x1
966 ## $lBN$mFGMON$sS.A. 162532 V.-D$x1
Etiqueta de registo: 00000nam 2200025 450
001 2070023
003 http://id.bnportugal.gov.pt/bib/catbnp/2070023
010 ## $a978-989-769-193-5
021 ## $aPT$b480773/21
100 ## $a20210519d2021 m y0pory01030103ba
101 1# $apor$ceng
102 ## $aPT
105 ## $ay z 000yy
106 ## $ar
200 1# $a A felicidade está dentro de ti$fDomonique Bertolucci$gtrad. Sílvia Baptista
205 ## $a1ª ed
210 #9 $aLisboa$cMatéria-Prima,$d2021
215 ## $a174, [1] p.$d20 cm
304 ## $aTít. orig.: The hapiness code
675 ## $a159.923(035)$vBN$zpor$3913621
700 #1 $aBertolucci,$bDomonique$31808788
702 #1 $aBaptista,$bSílvia$4730$31650456
801 #0 $aPT$bBN$gRPC
856 41 $uhttp://rnod.bnportugal.gov.pt/ImagesBN/winlibimg.aspx?skey=&doc=2070023&img=150319&save=true
900 ## $aBIBNAC$d20210607
966 ## $lBN$mFGMON$sS.A. 58569 P.$x1
966 ## $lBN$mFGMON$sS.A. 58569 P.-D$x1